000 00728nam a2200265Ia 4500
003 OSt
005 20221006160327.0
006 a|||||r|||| 00| 0
007 ta
008 221006b |||||||| |||| 00| 0 eng d
020 _a9788971410486
_cW10,000
024 _a44,962
037 _bGift, Window on Korea
_cTextual
040 _aEASL
_cEASL
_beng
041 _2eng
_aeng
082 _aP495,3, P0
100 _aLukoff Fred
245 0 _aFirst reader in Korean writing in mixed script
260 _aSeoul
_bYonsei University Korea
_c2000
300 _a300p.
_ccm.
490 _v KL
650 _aKL
942 _hP495,3, P0
_cTEXL
_2CC
999 _c1113054
_d1113054